Harry Potter Film Quotes Quiz Stats

 Plays Quiz not verified by Sporcle

Score 0/20 Timer 07:00
0 Plays Today
Quote Missing Word % Correct
'Master has given Dobby a ____! Dobby is free!'sock
95.9%
'I ______ Sirius Black!'killed
95.4%
'But I am the _____ one!'chosen
94.4%
'The Cloak of Invisibility, The Resurrection Stone and the _____ Wand.'Elder
92.9%
'Welcome to ________' Hogwarts
92.3%
'You're a ______, Harry'wizard
92.3%
'You are hereby ________ from Hogwarts school of witchcraft and wizardy.'expelled
91.6%
'Anything from the _______ dears?'Trolley
90.6%
'I'm going to ___ before either of you come up with another clever idea to get us killed. Or worse, expelled.'bed
86%
'I don't know about Turnips, but you could always use _________'gillyweed
77%
Quote Missing Word % Correct
'Alas! ______!'Earwax
76.3%
'Broken? They're ain't no _____ left!'bones
71.4%
'Kill the _____!'spare
68.4%
'Why don't you run along and play with your _________ set!'chemistry
68.1%
'You'll be next _________!'mudbloods
65.3%
'I hope there's _______!'pudding
63.3%
'I will not pay for some ________ old fool to teach him magic tricks!'crackpot
57.7%
'Just give me the _____!' stone
54.3%
'That's just the...er...___.'cat
44.6%
'What say you, ____?'Pius
26.3%

You're not logged in!

Compare scores with friends on all Sporcle quizzes.
OR
Log In

Show Comments

Extras

Top Quizzes Today


Score Distribution

Your Account Isn't Verified!

In order to create a playlist on Sporcle, you need to verify the email address you used during registration. Go to your Sporcle Settings to finish the process.

Report this User

Report this user for behavior that violates our Community Guidelines.

Details: